Stemmi ed Emblemi dei Paesi Europei - Statistics

Statistiche generali
  • Questo quiz è stato fatto 55 volte
    49 dall'ultimo reset
  • Il punteggio medio è 33 su 50
Statistiche sulle risposte
con Immagini Risposta % Corretto
Bosnia ed Erzegovina
98%
Croazia
98%
Italia
98%
Svizzera
98%
Turchia
98%
Albania
96%
Austria
96%
Malta
96%
Città del Vaticano
93%
Slovacchia
93%
Portogallo
91%
San Marino
91%
Germania
89%
Ucraina
89%
Grecia
87%
Islanda
87%
Serbia
87%
Spagna
87%
Bielorussia
84%
Slovenia
82%
Irlanda
80%
Polonia
80%
Ungheria
80%
Andorra
76%
Belgio
71%
Francia
67%
Moldavia
64%
Kazakistan
58%
Regno Unito
58%
Paesi Bassi
53%
Bulgaria
51%
Cechia
51%
Georgia
49%
Montenegro
49%
Azerbaigian
47%
Russia
47%
Monaco
44%
Cipro
42%
Romania
42%
Svezia
42%
Lituania
38%
Danimarca
36%
Liechtenstein
36%
Lussemburgo
36%
Estonia
33%
Finlandia
33%
Norvegia
33%
Lettonia
29%
Macedonia del Nord
29%
Armenia
18%
Nessun quiz corrispondente trovato
Distribuzione punteggi
Percentuale di utenti per punteggio
Percentile per numero di risposta
I tuoi punteggi nel tempo
Non hai fatto questo quiz dall'ultimo reset